Podnikateľský nápad v startupe

Startupy, rozdiel medzi startupom a klasickým malým podnikom. Základné charakteristiky slovenského startupu. Tvorba podnikateľského nápadu. Originalita podnikateľského nápadu. Prepojenie miery originality podnikateľského nápadu na príslušné oblasti. Výsledky výskumu slovenských startupov.

Guardado en:
Detalles Bibliográficos
Autor principal: Hagarová, Ráchel, 1990-
Formato: Capítulo de libro
Lenguaje:eslovaco
Materias:
Etiquetas: Agregar Etiqueta
Sin Etiquetas, Sea el primero en etiquetar este registro!

MARC

LEADER 00000nla a2200000 4500
001 0226393
005 20240502073724.9
041 0 |a slo 
044 |a SK 
245 1 0 |a Podnikateľský nápad v startupe  |c Ráchel Hagarová 
520 |a Startupy, rozdiel medzi startupom a klasickým malým podnikom. Základné charakteristiky slovenského startupu. Tvorba podnikateľského nápadu. Originalita podnikateľského nápadu. Prepojenie miery originality podnikateľského nápadu na príslušné oblasti. Výsledky výskumu slovenských startupov. 
610 2 0 |a start-up 
610 2 0 |a Slovensko 
610 2 0 |a prieskum 
100 1 |a Hagarová, Ráchel, 1990-